[Event "Pardubice Czech op-J 30th"]
[Site "Pardubice"]
[Date "2019.07.14"]
[Round "3"]
[White "Madajczak, Jakub"]
[Black "Schatz, Christian"]
[Result "1/2-1/2"]
[WhiteElo "1631"]
[BlackElo "2193"]
[PlyCount "38"]
[EventDate "2019.07.12"]
[EventType "swiss"]
[EventRounds "7"]
[EventCountry "CZE"]
[SourceTitle "CBM 192 Extra"]
[Source "Chessbase"]
[SourceDate "2019.11.06"]
[SourceVersion "1"]
[SourceVersionDate "2019.11.06"]
[SourceQuality "1"]

1. e4 Nf6 2. e5 Nd5 3. d4 d6 4. Nf3 Bg4 5. Be2 e6 6. 0-0 Be7 7. h3 Bh5 8. c4 Nb6 9. Nc3 0-0 10. Be3 a6 11. b3 N8d7 12. exd6 cxd6 13. Rc1 d5 14. cxd5 Nxd5 15. Nxd5 exd5 16. Bf4 Qa5 17. Ne5 Bxe2 18. Qxe2 Nxe5 19. Bxe5 Rfe8 1/2-1/2